00834 2200325 4500001002100000005001700021008004100038035002400079082001000103090001700113100002400130245006700154250001000221260003200231300002200263500003100285650001600316700002200332850001500354980001300369985000600382999001500388999001500403990001500418990001500433990001500448990001500463990001500478990001500493YOGYA-0209000006657120090227091914.0 ind  0010-020900000066571 a631.4 a631.4bSut P aSUTEJO, Mul Mulyani aPengantar ilmu tanahcMul Mulyani Sutedjo, A.G. Kartasapoertra aCet.2 aJakartabRineka Ciptac1991 aix, 152 hlmbilus aBibliografi : hlm. 151-152 aTanah, Ilmu aKartasaputra, A.G aYOPDYOG(B) a28-08-08 a2 a97P0094183 a95P0113145 a94183-P/97 a94184-P/97 a94185-P/97 a94184-P/97 a94183-P/97 a94185-P/97